000 00378nam a2200145Ia 4500
008 240624s9999 xx 000 0 und d
041 _aeng
082 _a658.4012 MON
100 _aMONK ELLEN
245 _aCONCEPTS IN ENTERPRISE RESOURCE PLANNING
250 _a(2nd ed.)
260 _c2007
_aAustralia
_bThomson Asia
300 _axvii, : 230 : p. : cm. ; 24
365 _cRS
_b30
999 _c4578
_d4578